000
00206nam a2200085Ia 4500
008
120527s9999 xx 000 0 und d
100
_a
Tyler, E. Leone
245
_a
The Psycholoy human difference
942
_c
BK
999
_c
27458
_d
27458